MARC

LEADER 00000nam0a2200000 4500
001 369924
005 20231102012230.0
035 |a (RuTPU)RU\TPU\retro\27332 
090 |a 369924 
100 |a 20220608d1980 km y0rusy50 ca 
101 0 |a rus 
102 |a RU 
105 |a a g 001zy 
200 1 |a Химические средства защиты растений (пестициды)  |e справочник  |f Н. Н. Мельников, К. В. Новожилов, Т. Н. Пылова 
210 |a Москва  |c Химия  |d 1980 
215 |a 288 с.  |c ил. 
320 |a Библиогр.: с. 278-279 
320 |a Предм. указ.: с. 280-287 
606 1 |a Растения  |x Защита химическая  |2 stltpush  |3 (RuTPU)RU\TPU\subj\23942  |9 48408 
610 1 |a справочники 
610 1 |a пестициды 
610 1 |a термины 
610 1 |a гербициды 
610 1 |a рост 
610 1 |a регуляторы 
610 1 |a инсектисиды 
610 1 |a репеллеры 
610 1 |a фунгициды 
610 1 |a бактерициды 
675 |a 632(035)  |v 4 
700 1 |a Мельников  |b Н. Н.  |g Николай Николаевич 
701 1 |a Новожилов  |b К. В.  |g Капитон Васильевич 
701 1 |a Пылова  |b Т. Н.  |g Татьяна Николаевна 
801 1 |a RU  |b 63413507  |c 20220608 
942 |c BK